1702 1896 1951 1365 1153 1248 1939 1575 1761 1712 1758 1468 1170 1706 1210 1918 1795 1466 1400 1248 1261 1222 1894 1836 1104 1362 1545 1751 1921 1324 1766 1043 1054 1306 1340 1007 1051 1801 1026 1600 1182 1994 1793 1444 1200 1845 1009 1526 1397 1518 1387 1339 1756 1384 1776 1914 1947 1686 1650 1453 1898 1816 1185 1971 1173 1320 1013 2000 1800 1552 1368 1534 1371 1054 1350 1873 1805 1154 1029 1573 1613 1763 1554 1397 1146 1929 1413 1830 1683 1807 1391 1279 1367 1186 1559 1599 1653 1800 1124 BCNSPRNW ULIB Ver.6.0+V

เปลี่ยนเป็นภาษาไทย

Change to English
 แสดงรายละเอียดบรรณานุกรม
  กลับหน้าหลัก

Brief Record : Get Marc (ISO 2709) : E-mail record : QR code < ปิดหน้าต่าง
LEADER : 00000nam 2200000uu 4500
001    13399112639
003     ULIB
008    110829s2550||||th 000 0 tha d
020    9789747352290
050 04 HV5740^bช647ค 2550
100 0  ชูชัย ศุภวงศ์
245 10 โครงการการศึกษาเรื่องสองทศวรรษการควบคุมการบริโภคยาสูบของสังคมไทย /^cชูชัย ศุภวงศ์ ; กองบรรณาธิการ, ลักขณา เติมศิริกุลชัย, มณฑา เก่งการพานิช, แก้ว วิฑูรย์เธียร
246 14 2 ทศวรรษการควบคุมการบริโภคยาสูบของสังคมไทย
246 30 สองทศวรรษการควบคุมการบริโภคยาสูบของสังคมไทย
250    พิมพ์ครั้งที่ 1
260    กรุงเทพฯ :^bศูนย์วิจัยและจัดการความรู้เพื่อการควบคุมยาสูบ (ศจย.) คณะสาธารณสุขศาสตร์ มหาวิทยาลัยมหิดล,^c2550
300    132 หน้า :^bภาพประกอบ ; ^c21 ซม.
650  4 การเลิกบุหรี่
650  4 การสูบบุหรี่^xการควบคุม
650  4 บุหรี่^xการควบคุม
650  4 ยาสูบ^xการควบคุม
700 0  ลักขณา เติมศิริกุลชัย,^eบรรณาธิการ
700 0  มณฑา เก่งการพานิช,^eบรรณาธิการ
700 0  แก้ว วิฑูรย์เธียร,^eบรรณาธิการ
710 2  มหาวิทยาลัยมหิดล. ^bคณะสาธารณสุขศาสตร์.^bศูนย์วิจัยและจัดการความรู้เพื่อการควบคุมยาสูบ (ศจย.)
945    ^p0^l0^i023182
945    ^p0^l0^i023183
945    ^p0^l0^i023184
995    ทศพร
999 ^a ทศพร
รายการนี้ยังไม่มีแท็ก
คุณยังไม่ได้ล็อกอิน คุณสามารถมีกิจกรรมร่วมกับเว็บไซต์ได้ แต่ต้องล็อกอินก่อน ::
  ล็อกอิน

รายการสื่อสารสนเทศ

ลำดับที่ ประเภท เลขเรียก/บาร์โค้ด สถานที่ สถานะ
- ไม่พบข้อมูล -

รายการใกล้เคียง
    ผู้แต่ง [ชูชัย ศุภวงศ์]

    หัวเรื่อง [การเลิกบุหรี่]

BibComment


ยังไม่เคยถูกคอมเมนท์

คอมเมนท์ทรัพยากรรายการนี้
  คอมเมนท์: โครงการการศึกษาเร..


 Copyright 2026. Bcnsprnw @Library